|
|
|
|
| LEADER |
00818nam a2200217 i 4500 |
| 001 |
c000031345 |
| 003 |
CARM |
| 005 |
00000000000000.0 |
| 008 |
840313s1969 ctu eng d |
| 019 |
1 |
|
|a 9705483
|5 LACONCORD2021
|
| 035 |
|
|
|a (OCoLC)929562
|5 LACONCORD2021
|
| 100 |
1 |
|
|a Feit, Walter,
|d 1930-
|
| 245 |
1 |
0 |
|a Representations of finite groups /
|c by Walter Feit.
|
| 260 |
|
|
|a [New Haven] :
|b Yale University, Department of Mathematics,
|c 1969-.
|
| 300 |
|
|
|a v.
|
| 500 |
|
|
|a Includes bibliographies.
|
| 650 |
|
0 |
|a Representations of groups.
|
| 852 |
8 |
|
|b CARM
|h A3:AB07E1
|i D00283
|p 0023998
|j v.1
|f BK
|
| 082 |
0 |
|
|a 512.22
|
| 999 |
f |
f |
|i eae131ac-b96c-56aa-8f2a-a7642dcb70cc
|s ad5b5455-16a1-566e-9397-4b25b1d7e3c3
|
| 952 |
f |
f |
|p Can circulate
|a CAVAL
|b CAVAL
|c CAVAL
|d CARM 1 Store
|e D00283
|f A3:AB07E1
|h Other scheme
|i book
|j v.1 held
|m 0023998
|